دعائم الإسلام وذكر الحلال والحرام، والقضايا والأحكام : (Record no. 8086)

MARC details
000 -الفاتح
حقل البيانات ثابتة الطول 00992nac a22001931u 4500
008 - عناصر البيانات ثابتة الطول - معلومات عامة
حقل البيانات ثابتة الطول 080819s1985 ua|||r|r|| 0 100 0 ara d
020 ## - الرقم الدولى المعيارى للكتب
الرقم الدولى المعيارى للكتاب 9770214752
082 ## - رقم تصنيف ديوى العشرى
رقم التصنيف 253
رقم المادة م ح م
رقم الطبعة 22
100 ## - المدخل الرئيسى - إسم شخصى
الإسم الشخصى النعمان بن محمد، أبي حنيفة
9 (RLIN) 16715
245 ## - بيان العنوان
العنوان دعائم الإسلام وذكر الحلال والحرام، والقضايا والأحكام :
بقية العنوان /عن أهل بيت رسول الله علية وعليهم أفضل السلام
بيان المسئوليه,etc أبي حنيفة النعمان بن محمد بن منصور بن أحمد بن حيون التميمي المغربي .؛ تحقيق آصف بن علي أصغر فيضي
250 ## - بيان الطبعة
بيان الطبعة ط 3
260 ## - PUBLICATION, DISTRIBUTION, ETC. (IMPRINT)
مكان الناشر او الموزع القاهرة :
اسم الناشر او الموزع دار المعارف،1985
تاريخ النشر أو التوزيع 1985
300 ## - الوصف المادى
التعداد 454،23 ؛ص
تفاصيل ماديه اخرى للوعاء 22 سم
500 ## - تبصرة عامة
تبصرة عامة يحتوي علي كشافات
500 ## - تبصرة عامة
تبصرة عامة يحتوي على مقدمة باللغة الانجليزية
511 ## -
-- Catalogued by: Sara
541 ## - تبصرة المصدر المباشر للتزويد
مصدر التزويد ألف باء؛
طريقة التزويد شراء؛
942 ## - عناصر المدخل الإضافي( كوها)
Koha [default] item type Book - Borrowing
سابقة رقم الطلب 253م ح م
مصدر التصنيف او مخطط الترفيف Dewey Decimal Classification
Holdings
حالة التراجع حالة الفقد مصدر التصنيف او خطة الترفيف حالة تلف ليس للاعارة مجموعات كوها المكان الدائم المكان الحالي موقع الترفيف تاريخ الاكتساب Source of acquisition رقم الاستدعاء الباركود Date last seen نوع الوعاء تبصرة عامة
    Dewey Decimal Classification     Alef-Baa Central Library Central Library Lower Floor 25/07/2010   253 ا ل ن 000010027 15/07/2025 Book - Borrowing ج1
    Dewey Decimal Classification     Alef-Baa Central Library Central Library Lower Floor 25/07/2010   253 ا ل ن 000010028 15/07/2025 Book - Borrowing ج2